[Event "Titled Tuesday intern op 12th May"]
[Site "Chess.com INT"]
[Date "2020.05.12"]
[Round "6"]
[White "Ojeda Lago, Ariadna"]
[Black "Gunawan, Ronny"]
[Result "1-0"]
[WhiteElo "2081"]
[BlackElo "2240"]
[PlyCount "49"]
[EventDate "2020.05.12"]
[EventType "swiss (blitz)"]
[EventRounds "10"]
[EventCountry "USA"]
[SourceTitle "EXT 2021"]
[Source "ChessBase"]
[SourceDate "2020.10.23"]
[SourceVersion "1"]
[SourceVersionDate "2020.10.23"]
[SourceQuality "1"]

1. d4 Nf6 2. Nf3 b6 3. e3 Bb7 4. Bd3 e6 5. 0-0 Be7 6. b3 0-0 7. Bb2 d6 8. c4 Nbd7 9. Nbd2 c5 10. Rc1 Rc8 11. Bb1 Re8 12. e4 Qc7 13. d5 e5 14. Ne1 Rf8 15. Nd3 a6 16. a4 Rb8 17. f4 exf4 18. Rxf4 Ne5 19. Nxe5 dxe5 20. Rh4 Nxd5 21. exd5 Bxh4 22. Qh5 g6 23. Qxh4 Rbe8 24. Ne4 f5 25. Nf6+ 1-0

[Event "Titled Tuesday intern op 5th May"]
[Site "Chess.com INT"]
[Date "2020.05.05"]
[Round "2"]
[White "Kokol, Peter"]
[Black "Ojeda Lago, Ariadna"]
[Result "1-0"]
[WhiteElo "2327"]
[BlackElo "1989"]
[PlyCount "33"]
[EventDate "2020.05.05"]
[EventType "swiss (blitz)"]
[EventRounds "10"]
[EventCountry "USA"]
[SourceTitle "EXT 2021"]
[Source "ChessBase"]
[SourceDate "2020.10.23"]
[SourceVersion "1"]
[SourceVersionDate "2020.10.23"]
[SourceQuality "1"]

1. e4 c5 2. Nc3 Nc6 3. g3 g6 4. Bg2 Bg7 5. d3 e6 6. Be3 d6 7. Qd2 Nge7 8. Bh6 Bf6 9. h4 Qc7 10. Nh3 Nd4 11. 0-0 Bd7 12. Ng5 Nec6 13. f4 e5 14. Nd5 Qd8 15. fxe5 Bxg5 16. Bxg5 Qc7 17. Nxc7+ 1-0

[Event "Titled Tuesday intern op 5th May"]
[Site "Chess.com INT"]
[Date "2020.05.05"]
[Round "5"]
[White "Lefebvre, Athanasius"]
[Black "Ojeda Lago, Ariadna"]
[Result "0-1"]
[WhiteElo "2069"]
[BlackElo "1994"]
[PlyCount "66"]
[EventDate "2020.05.05"]
[EventType "swiss (blitz)"]
[EventRounds "10"]
[EventCountry "USA"]
[SourceTitle "EXT 2021"]
[Source "ChessBase"]
[SourceDate "2020.10.23"]
[SourceVersion "1"]
[SourceVersionDate "2020.10.23"]
[SourceQuality "1"]

1. Nf3 d5 2. d3 Nf6 3. g3 g6 4. Bg2 Bg7 5. 0-0 0-0 6. c4 c6 7. Nc3 d4 8. Na4 Re8 9. b4 e5 10. Rb1 h6 11. b5 cxb5 12. Rxb5 Nc6 13. Nc5 Qc7 14. Bb2 Bf8 15. e3 a6 16. Rxb7 Bxb7 17. Nb3 Na5 18. exd4 Nxb3 19. axb3 exd4 20. Bxd4 Bg7 21. Qa1 Nh5 22. b4 Bxd4 23. Qxd4 Rad8 24. Qc3 Qd6 25. Rd1 Qf6 26. d4 Ng7 27. Rd2 Bxf3 28. Bxf3 Nf5 29. Bd5 Re1+ 30. Kg2 Ne3+ 31. Qxe3 Rxe3 32. fxe3 Qe7 33. Rf2 Qxe3 0-1

[Event "Titled Tuesday intern op 5th May"]
[Site "Chess.com INT"]
[Date "2020.05.05"]
[Round "1"]
[White "Ojeda Lago, Ariadna"]
[Black "Berger, Steve"]
[Result "0-1"]
[WhiteElo "1991"]
[BlackElo "2408"]
[PlyCount "84"]
[EventDate "2020.05.05"]
[EventType "swiss (blitz)"]
[EventRounds "10"]
[EventCountry "USA"]
[SourceTitle "EXT 2021"]
[Source "ChessBase"]
[SourceDate "2020.10.23"]
[SourceVersion "1"]
[SourceVersionDate "2020.10.23"]
[SourceQuality "1"]

1. Nf3 c5 2. g3 g6 3. Bg2 Bg7 4. 0-0 Nc6 5. d3 e6 6. e4 Nge7 7. c3 0-0 8. Be3 b6 9. a4 d5 10. Qd2 Ba6 11. Rd1 d4 12. cxd4 Nxd4 13. Nxd4 Bxd4 14. Bh6 Re8 15. Na3 Nc6 16. Nb5 Bg7 17. Bxg7 Kxg7 18. Qc3+ e5 19. Qb3 Bxb5 20. Qxb5 Nd4 21. Qc4 Qd6 22. Kh1 h5 23. Rac1 a5 24. Qd5 Rad8 25. Qxd6 Rxd6 26. Bf1 h4 27. Kg2 f5 28. exf5 gxf5 29. f3 Rg6 30. Re1 Kf6 31. f4 e4 32. dxe4 fxe4 33. Re3 Nf5 34. Re2 hxg3 35. hxg3 Rxg3+ 36. Kf2 e3+ 37. Ke1 Nd4 38. Rh2 e2 39. Rh6+ Kg7 40. Rxb6 Rg1 41. Rxc5 exf1Q+ 42. Kd2 Rg2+ 0-1

[Event "Titled Tuesday intern op 5th May"]
[Site "Chess.com INT"]
[Date "2020.05.05"]
[Round "9"]
[White "Tarini, Goyal"]
[Black "Ojeda Lago, Ariadna"]
[Result "0-1"]
[WhiteElo "2164"]
[BlackElo "2011"]
[PlyCount "88"]
[EventDate "2020.05.05"]
[EventType "swiss (blitz)"]
[EventRounds "10"]
[EventCountry "USA"]
[SourceTitle "EXT 2021"]
[Source "ChessBase"]
[SourceDate "2020.10.23"]
[SourceVersion "1"]
[SourceVersionDate "2020.10.23"]
[SourceQuality "1"]

1. d4 e6 2. c4 Bb4+ 3. Bd2 Qe7 4. g3 c5 5. Nf3 Nc6 6. Bxb4 cxb4 7. Bg2 Nf6 8. a3 bxa3 9. Nxa3 0-0 10. 0-0 d5 11. c5 Bd7 12. Rb1 b6 13. b4 a5 14. b5 Nb4 15. c6 Bc8 16. Nc2 Nxc2 17. Qxc2 Qc7 18. Ne5 Ne8 19. e4 dxe4 20. Bxe4 g6 21. h4 Nd6 22. Bd3 f6 23. Nf3 Kg7 24. h5 f5 25. Ne5 g5 26. Kg2 Ra7 27. h6+ Kh8 28. Qe2 f4 29. Qh5 Nf5 30. Bxf5 exf5 31. Rfe1 fxg3 32. fxg3 Be6 33. Kh2 f4 34. gxf4 gxf4 35. Qf3 Qe7 36. Qh5 Qf6 37. Rg1 f3 38. Rg7 Rxg7 39. hxg7+ Qxg7 40. Rg1 Qf6 41. Kh1 f2 42. Rf1 Qf4 43. Qe2 Bd5+ 44. Nf3 Qh4+ 0-1

[Event "Titled Tuesday intern op 5th May"]
[Site "Chess.com INT"]
[Date "2020.05.05"]
[Round "8"]
[White "Tomiello, Mateus Costamilan"]
[Black "Ojeda Lago, Ariadna"]
[Result "1-0"]
[WhiteElo "1969"]
[BlackElo "1999"]
[PlyCount "55"]
[EventDate "2020.05.05"]
[EventType "swiss (blitz)"]
[EventRounds "10"]
[EventCountry "USA"]
[SourceTitle "EXT 2021"]
[Source "ChessBase"]
[SourceDate "2020.10.23"]
[SourceVersion "1"]
[SourceVersionDate "2020.10.23"]
[SourceQuality "1"]

1. d4 e6 2. c4 Bb4+ 3. Nd2 b6 4. a3 Bxd2+ 5. Bxd2 Bb7 6. Bc3 Nf6 7. f3 d5 8. e3 0-0 9. Bd3 c5 10. dxc5 bxc5 11. Ne2 Nc6 12. Qd2 a5 13. Rd1 d4 14. exd4 cxd4 15. Nxd4 Nxd4 16. Bxd4 Bc6 17. Qf2 e5 18. Bc5 Qc7 19. Bxf8 Rxf8 20. 0-0 a4 21. Qh4 h6 22. Kh1 Qb6 23. Rd2 Rd8 24. Rfd1 Re8 25. Bf5 e4 26. fxe4 Bxe4 27. Qf2 Bxf5 28. Qxb6 1-0

[Event "Titled Tuesday intern op 28th Apr"]
[Site "Chess.com INT"]
[Date "2020.04.28"]
[Round "7"]
[White "Fajdetic, Hrvoje"]
[Black "Ojeda Lago, Ariadna"]
[Result "1-0"]
[WhiteElo "2151"]
[BlackElo "2011"]
[PlyCount "79"]
[EventDate "2020.04.28"]
[EventType "swiss (blitz)"]
[EventRounds "10"]
[EventCountry "USA"]
[SourceTitle "EXT 2021"]
[Source "ChessBase"]
[SourceDate "2020.10.23"]
[SourceVersion "1"]
[SourceVersionDate "2020.10.23"]
[SourceQuality "1"]

1. d4 e6 2. Bf4 c5 3. e3 Nc6 4. Nd2 cxd4 5. Ngf3 dxe3 6. fxe3 d5 7. Bd3 Nf6 8. c3 Bd6 9. Bg5 h6 10. Bh4 Be7 11. 0-0 0-0 12. Qe2 g6 13. Rad1 Kg7 14. Bxf6+ Bxf6 15. e4 dxe4 16. Nxe4 Qb6+ 17. Kh1 Be7 18. h4 e5 19. h5 gxh5 20. Ng3 Bg4 21. Bb1 f5 22. Qe1 e4 23. Nh2 Qc5 24. Rd7 Rad8 25. Rxb7 Kh8 26. Nxg4 hxg4 27. Nh5 Qe5 28. g3 Bg5 29. Nf4 Rg8 30. a3 Rb8 31. Rf7 Bxf4 32. Rxf4 Qd5 33. R7xf5 Qc4 34. b3 Qxb3 35. Bxe4 Rbe8 36. Bd5 Rxe1+ 37. Kg2 Qc2+ 38. Rf2 Qxc3 39. Bxg8 Qd4 40. Rf8 1-0

[Event "Titled Tuesday intern op 28th Apr"]
[Site "Chess.com INT"]
[Date "2020.04.28"]
[Round "5"]
[White "Gombocz, Ferenc Jr"]
[Black "Ojeda Lago, Ariadna"]
[Result "1-0"]
[WhiteElo "2209"]
[BlackElo "2022"]
[PlyCount "89"]
[EventDate "2020.04.28"]
[EventType "swiss (blitz)"]
[EventRounds "10"]
[EventCountry "USA"]
[SourceTitle "EXT 2021"]
[Source "ChessBase"]
[SourceDate "2020.10.23"]
[SourceVersion "1"]
[SourceVersionDate "2020.10.23"]
[SourceQuality "1"]

1. c4 Nf6 2. g3 c6 3. Bg2 d5 4. Nf3 Nbd7 5. cxd5 cxd5 6. 0-0 e5 7. Qa4 Bd6 8. d4 e4 9. Ne5 0-0 10. Nxd7 Bxd7 11. Qb3 Bc6 12. Nc3 Rc8 13. Bg5 Be7 14. e3 Qd7 15. f3 exf3 16. Bxf3 h6 17. Bxf6 Bxf6 18. Nxd5 Bd8 19. Nf4 Re8 20. Bxc6 bxc6 21. Rae1 Bb6 22. Rf3 Qg4 23. Ref1 Re7 24. Kg2 Kh8 25. h3 Qd7 26. Nh5 f6 27. Nxf6 gxf6 28. Rxf6 Qd5+ 29. Qxd5 cxd5 30. Rxh6+ Kg7 31. Rhf6 Rc2+ 32. R6f2 Rxf2+ 33. Rxf2 Rxe3 34. Rd2 Re4 35. Rc2 Rxd4 36. b3 Re4 37. a4 d4 38. b4 d3 39. Rd2 Rxb4 40. Rxd3 Rxa4 41. Rd7+ Kf6 42. g4 Kg5 43. Rg7+ Kf4 44. Rf7+ Ke5 45. g5 1-0

[Event "Titled Tuesday intern op 14th April"]
[Site "Chess.com INT"]
[Date "2020.04.14"]
[Round "5"]
[White "Ojeda Lago, Ariadna"]
[Black "Lopez Idarraga, Daniel Eduardo"]
[Result "0-1"]
[WhiteElo "2012"]
[BlackElo "2009"]
[PlyCount "94"]
[EventDate "2020.04.14"]
[EventType "swiss (blitz)"]
[EventRounds "10"]
[EventCountry "USA"]
[SourceTitle "EXT 2021"]
[Source "ChessBase"]
[SourceDate "2020.10.23"]
[SourceVersion "1"]
[SourceVersionDate "2020.10.23"]
[SourceQuality "1"]

1. Nf3 d5 2. d4 Bf5 3. e3 e6 4. Bd3 Bxd3 5. cxd3 Nf6 6. 0-0 Be7 7. Nc3 0-0 8. e4 Nc6 9. Be3 Bb4 10. Rc1 Bxc3 11. bxc3 dxe4 12. dxe4 Nxe4 13. Qc2 Nd6 14. Ng5 Nf5 15. g4 h6 16. gxf5 hxg5 17. fxe6 fxe6 18. Qg6 Qf6 19. Qxg5 Qxg5+ 20. Bxg5 Rf5 21. Be3 Rd8 22. Rfd1 Kf7 23. c4 Ra5 24. Rd2 Ne7 25. Rcd1 Nf5 26. d5 exd5 27. cxd5 Nxe3 28. fxe3 Kf6 29. Rf1+ Ke5 30. Rf7 Rdxd5 31. Rxd5+ Kxd5 32. Rxc7 b5 33. Rxg7 Rxa2 34. h4 a5 35. h5 Ra4 36. h6 Rh4 37. h7 Kc4 38. e4 Kd4 39. Rb7 b4 40. Rb5 Rxh7 41. Rxa5 Rb7 42. e5 b3 43. Ra1 Kxe5 44. Kf2 b2 45. Rb1 Kd4 46. Ke2 Kc3 47. Kd1 Rd7+ 0-1

[Event "Titled Tuesday intern op 14th April"]
[Site "Chess.com INT"]
[Date "2020.04.14"]
[Round "9"]
[White "Slade, Theodore"]
[Black "Ojeda Lago, Ariadna"]
[Result "1-0"]
[WhiteElo "2057"]
[BlackElo "2022"]
[PlyCount "71"]
[EventDate "2020.04.14"]
[EventType "swiss (blitz)"]
[EventRounds "10"]
[EventCountry "USA"]
[SourceTitle "EXT 2021"]
[Source "ChessBase"]
[SourceDate "2020.10.23"]
[SourceVersion "1"]
[SourceVersionDate "2020.10.23"]
[SourceQuality "1"]

1. d4 e6 2. c4 Bb4+ 3. Bd2 Qe7 4. g3 Nf6 5. Bg2 0-0 6. Nf3 b6 7. Ne5 c6 8. 0-0 Bxd2 9. Qxd2 Bb7 10. Qc2 d6 11. Nf3 c5 12. Rd1 Nc6 13. Nc3 Rac8 14. d5 exd5 15. cxd5 Nb4 16. Qb3 a5 17. Nd2 Ba6 18. Nc4 Bxc4 19. Qxc4 Nc2 20. Rab1 Nd4 21. e4 Rfe8 22. Re1 Qd7 23. a4 g6 24. Ne2 Nxe2+ 25. Rxe2 Re7 26. f4 Rce8 27. Rbe1 Ng4 28. Bf3 f5 29. e5 dxe5 30. Bxg4 fxg4 31. fxe5 Rf8 32. d6+ Re6 33. Rf1 Rxf1+ 34. Kxf1 Qf7+ 35. Rf2 Qe8 36. Rf6 1-0

[Event "Titled Tuesday intern op 7th April"]
[Site "Chess.com INT"]
[Date "2020.04.07"]
[Round "1"]
[White "Stearman, Josiah P"]
[Black "Ojeda Lago, Ariadna"]
[Result "1-0"]
[WhiteElo "2349"]
[BlackElo "2019"]
[PlyCount "75"]
[EventDate "2020.04.07"]
[EventType "swiss (blitz)"]
[EventRounds "10"]
[EventCountry "USA"]
[SourceTitle "EXT 2021"]
[Source "ChessBase"]
[SourceDate "2020.10.23"]
[SourceVersion "1"]
[SourceVersionDate "2020.10.23"]
[SourceQuality "1"]

1. e4 c5 2. Nc3 Nc6 3. g3 g6 4. Bg2 Bg7 5. d3 e6 6. Be3 d6 7. Qd2 Nd4 8. Nd1 Ne7 9. c3 Ndc6 10. Bh6 Bxh6 11. Qxh6 Ne5 12. Qd2 Qa5 13. f4 N5c6 14. Ne2 Bd7 15. Ne3 Qc7 16. d4 cxd4 17. Nxd4 0-0-0 18. Nb5 Qb6 19. Nc4 Qa6 20. Ncxd6+ Kb8 21. a4 Bc8 22. e5 Nf5 23. Qe2 Rhf8 24. b4 f6 25. 0-0 Nxd6 26. exd6 Rxd6 27. a5 Rfd8 28. Ra2 Ne7 29. Nxd6 Qxe2 30. Rxe2 Rxd6 31. c4 Rd4 32. Re4 Rd2 33. Rfe1 Nc6 34. a6 Nxb4 35. axb7 Bxb7 36. R4e2 Rxe2 37. Rxe2 Bxg2 38. Kxg2 1-0

[Event "Titled Tuesday intern op 3rd March"]
[Site "Chess.com INT"]
[Date "2020.03.03"]
[Round "5"]
[White "Ojeda Lago, Ariadna"]
[Black "Nilsson, Joakim"]
[Result "1/2-1/2"]
[WhiteElo "2122"]
[BlackElo "2220"]
[PlyCount "184"]
[EventDate "2020.03.03"]
[EventType "swiss (blitz)"]
[EventRounds "10"]
[EventCountry "USA"]
[SourceTitle "EXT 2021"]
[Source "ChessBase"]
[SourceDate "2020.10.23"]
[SourceVersion "1"]
[SourceVersionDate "2020.10.23"]
[SourceQuality "1"]

1. d4 c6 2. Nf3 d5 3. c4 Nf6 4. Nbd2 a6 5. e3 Bg4 6. Be2 Nbd7 7. h3 Bxf3 8. Bxf3 e6 9. 0-0 Bd6 10. e4 dxe4 11. Nxe4 Nxe4 12. Bxe4 Qh4 13. Qf3 0-0 14. Rd1 Rae8 15. b3 e5 16. dxe5 Nxe5 17. Qf4 Qxf4 18. Bxf4 Nf3+ 19. Bxf3 Bxf4 20. g3 Be5 21. Rac1 Rd8 22. Kf1 Rfe8 23. Rxd8 Rxd8 24. Rd1 Rxd1+ 25. Bxd1 Kf8 26. Bc2 g6 27. Ke2 Ke7 28. f4 Bc7 29. Kf3 Kd6 30. Ke4 Kc5 31. a3 b5 32. cxb5 cxb5 33. g4 a5 34. f5 Bd6 35. fxg6 fxg6 36. h4 Bg3 37. h5 gxh5 38. gxh5 h6 39. a4 Be1 40. axb5 Kxb5 41. Bd1 Kb4 42. Kf5 Kc3 43. Kg6 Bd2 44. Kg7 Bg5 45. Kg6 Kd2 46. Bf3 Kc2 47. Bd5 Kd3 48. Bc4+ Kd4 49. Kg7 Kc5 50. Kg6 a4 51. bxa4 Kxc4 52. Kf5 Kd3 53. Kg4 Ke2 54. Kh3 Kf1 55. Kh2 Bf4+ 56. Kh1 Bb8 57. a5 Ba7 58. a6 Kf2 59. Kh2 Kf3 60. Kh3 Kf4 61. Kh4 Bf2+ 62. Kh3 Kg5 63. a7 Bxa7 64. Kg2 Kxh5 65. Kh1 Kh4 66. Kg2 Kg4 67. Kh1 Bb8 68. Kg2 Kh4 69. Kh1 Kh3 70. Kg1 Be5 71. Kh1 Bf6 72. Kg1 Bh4 73. Kh1 Be1 74. Kg1 Bf2+ 75. Kh1 Bg3 76. Kg1 Kg4 77. Kh1 Kf3 78. Kg1 Be5 79. Kh1 Bb2 80. Kg1 Bc1 81. Kh1 h5 82. Kh2 Kg4 83. Kh1 Kh4 84. Kh2 Bf4+ 85. Kh1 Bg3 86. Kg2 Kg4 87. Kg1 Kh3 88. Kh1 Be1 89. Kg1 h4 90. Kh1 Bg3 91. Kg1 Bh2+ 92. Kh1 Kg3 1/2-1/2

[Event "Titled Tuesday intern op 4th Febr"]
[Site "Chess.com INT"]
[Date "2020.02.04"]
[Round "4"]
[White "Obad, Andrija"]
[Black "Ojeda Lago, Ariadna"]
[Result "1-0"]
[WhiteElo "2297"]
[BlackElo "2064"]
[PlyCount "63"]
[EventDate "2020.02.04"]
[EventType "swiss (blitz)"]
[EventRounds "10"]
[EventCountry "USA"]
[SourceTitle "EXT 2021"]
[Source "ChessBase"]
[SourceDate "2020.10.23"]
[SourceVersion "1"]
[SourceVersionDate "2020.10.23"]
[SourceQuality "1"]

1. e4 c5 2. Nf3 d6 3. d4 cxd4 4. Nxd4 Nf6 5. Nc3 Nc6 6. Bg5 e6 7. Qd2 a6 8. 0-0-0 Bd7 9. f4 Be7 10. Kb1 Qc7 11. Be2 b5 12. Bxb5 axb5 13. Ndxb5 Qb8 14. Nxd6+ Bxd6 15. Qxd6 Qxd6 16. Rxd6 h6 17. Bh4 Rg8 18. Rhd1 g5 19. fxg5 hxg5 20. Bg3 0-0-0 21. Rf1 Nh5 22. Rxf7 Nxg3 23. hxg3 Ne5 24. Re7 Rgf8 25. b3 Rf1+ 26. Kb2 Rf2 27. a4 Rxg2 28. a5 Kb7 29. a6+ Ka8 30. Rexe6 Rxg3 31. Rxe5 Rg2 32. Red5 1-0

[Event "Titled Tuesday intern op 4th Febr"]
[Site "Chess.com INT"]
[Date "2020.02.04"]
[Round "9"]
[White "Ojeda Lago, Ariadna"]
[Black "Necula, Iulian"]
[Result "1-0"]
[WhiteElo "2058"]
[BlackElo "2244"]
[PlyCount "119"]
[EventDate "2020.02.04"]
[EventType "swiss (blitz)"]
[EventRounds "10"]
[EventCountry "USA"]
[SourceTitle "EXT 2021"]
[Source "ChessBase"]
[SourceDate "2020.10.23"]
[SourceVersion "1"]
[SourceVersionDate "2020.10.23"]
[SourceQuality "1"]

1. d4 d6 2. Nf3 f5 3. c4 Nf6 4. d5 g6 5. Nc3 Bg7 6. g3 0-0 7. Bg2 e5 8. dxe6 Bxe6 9. Ng5 Bc8 10. Qb3 c6 11. 0-0 h6 12. Nh3 g5 13. f4 g4 14. Nf2 Qb6 15. Qxb6 axb6 16. e4 fxe4 17. Ncxe4 Nxe4 18. Bxe4 Na6 19. Rb1 Nc5 20. Bg2 Rxa2 21. b4 Na4 22. Ne4 Nc3 23. Nxc3 Bxc3 24. Rd1 Ra4 25. Rxd6 Rxb4 26. Rxb4 Bxb4 27. Rxh6 Bc5+ 28. Kf1 Kg7 29. Rh4 Rd8 30. Bb2+ Kg6 31. h3 gxh3 32. Bxh3 Bxh3+ 33. Rxh3 Rd2 34. Bc3 Rc2 35. g4 Rf2+ 36. Ke1 Rxf4 37. Rg3 Rxc4 38. Bd2 Re4+ 39. Kd1 Bd4 40. g5 c5 41. Rh3 Bg7 42. Rb3 Re6 43. Rb5 Bd4 44. Bf4 c4 45. Kc2 Rc6 46. Bd2 Bf2 47. Rd5 Bh4 48. Be3 Re6 49. Bf4 Re4 50. Rd6+ Kf5 51. Bd2 Bxg5 52. Rxb6 Bxd2 53. Kxd2 Ke5 54. Rxb7 Kd5 55. Rd7+ Kc5 56. Rh7 Kb4 57. Rh3 Rg4 58. Kc2 Rg2+ 59. Kc1 c3 60. Rh8 1-0

[Event "Titled Tuesday intern op 7th Januar"]
[Site "Chess.com INT"]
[Date "2020.01.07"]
[Round "4"]
[White "Costa, Paulo Cesar"]
[Black "Ojeda Lago, Ariadna"]
[Result "1-0"]
[WhiteElo "1974"]
[BlackElo "2051"]
[PlyCount "43"]
[EventDate "2020.01.07"]
[EventType "swiss (blitz)"]
[EventRounds "10"]
[EventCountry "USA"]
[SourceTitle "EXT 2021"]
[Source "ChessBase"]
[SourceDate "2020.10.23"]
[SourceVersion "1"]
[SourceVersionDate "2020.10.23"]
[SourceQuality "1"]

1. Nf3 d5 2. d4 Nf6 3. c4 e6 4. Nc3 Bb4 5. Qa4+ Nc6 6. e3 0-0 7. Bd2 Bd7 8. Qc2 a6 9. a3 Bxc3 10. Bxc3 Ne4 11. Bd3 f5 12. cxd5 exd5 13. Rc1 Qe8 14. 0-0 Qh5 15. Qb3 Qf7 16. Qxb7 Rfc8 17. Bxe4 dxe4 18. Ne5 Nxe5 19. dxe5 Be6 20. Rfd1 Rcb8 21. Qc6 Rb5 22. Qxa8+ 1-0

[Event "Titled Tuesday intern op 7th Januar"]
[Site "Chess.com INT"]
[Date "2020.01.07"]
[Round "1"]
[White "Horvath, Dominik"]
[Black "Ojeda Lago, Ariadna"]
[Result "1-0"]
[WhiteElo "2449"]
[BlackElo "2060"]
[PlyCount "71"]
[EventDate "2020.01.07"]
[EventType "swiss (blitz)"]
[EventRounds "10"]
[EventCountry "USA"]
[SourceTitle "EXT 2021"]
[Source "ChessBase"]
[SourceDate "2020.10.23"]
[SourceVersion "1"]
[SourceVersionDate "2020.10.23"]
[SourceQuality "1"]

1. d4 Nf6 2. Nc3 d5 3. Bf4 Bf5 4. e3 e6 5. Nf3 Bd6 6. Ne5 0-0 7. g4 Be4 8. f3 Bg6 9. h4 h5 10. g5 Nfd7 11. Nxg6 fxg6 12. Bxd6 cxd6 13. Bd3 Kf7 14. e4 Re8 15. Qd2 Nc6 16. 0-0-0 dxe4 17. fxe4 Nxd4 18. Qf2+ Kg8 19. Qxd4 Nc5 20. Bc4 a6 21. Qxd6 Qxd6 22. Rxd6 b5 23. Bb3 b4 24. Ne2 Rac8 25. Nf4 Kh7 26. e5 a5 27. Nxe6 Ne4 28. Rd4 Nf2 29. Rf1 Ng4 30. Rd7 Nxe5 31. Rxg7+ Kh8 32. Ra7 Rc6 33. Rf8+ Rxf8 34. Nxf8 Nd3+ 35. Kd2 Nc5 36. Rh7# 1-0

[Event "Titled Tuesday intern op 7th Januar"]
[Site "Chess.com INT"]
[Date "2020.01.07"]
[Round "5"]
[White "Smith, Ricando"]
[Black "Ojeda Lago, Ariadna"]
[Result "1-0"]
[WhiteElo "2245"]
[BlackElo "2047"]
[PlyCount "79"]
[EventDate "2020.01.07"]
[EventType "swiss (blitz)"]
[EventRounds "10"]
[EventCountry "USA"]
[SourceTitle "EXT 2021"]
[Source "ChessBase"]
[SourceDate "2020.10.23"]
[SourceVersion "1"]
[SourceVersionDate "2020.10.23"]
[SourceQuality "1"]

1. e4 c5 2. Nf3 d6 3. d4 cxd4 4. Nxd4 Nf6 5. Nc3 Nc6 6. g3 g6 7. Nde2 Bg7 8. Bg2 0-0 9. 0-0 a6 10. a4 Qc7 11. h3 Bd7 12. Be3 Ne5 13. b3 Bc6 14. Qd2 Rfe8 15. a5 Rac8 16. Bb6 Qb8 17. Nd5 Bxd5 18. exd5 Ned7 19. Bd4 Nh5 20. c4 Nc5 21. Rab1 Bxd4 22. Nxd4 Ng7 23. b4 Nd7 24. Rbc1 Rc7 25. Rfe1 Qa7 26. Kh2 Nf6 27. Bf1 Rec8 28. Bd3 Nd7 29. Nf3 Nf6 30. Re2 Kf8 31. Rce1 Nge8 32. Qh6+ Kg8 33. Ng5 Ng7 34. Kg2 Kf8 35. Nxh7+ Kg8 36. Ng5 Rd7 37. Rxe7 Rxe7 38. Rxe7 Qd4 39. Rxf7 Qxd3 40. Qxg7# 1-0

[Event "Titled Tuesday intern op 7th Januar"]
[Site "Chess.com INT"]
[Date "2020.01.07"]
[Round "2"]
[White "Temirkanov, David"]
[Black "Ojeda Lago, Ariadna"]
[Result "1-0"]
[WhiteElo "2282"]
[BlackElo "2058"]
[PlyCount "91"]
[EventDate "2020.01.07"]
[EventType "swiss (blitz)"]
[EventRounds "10"]
[EventCountry "USA"]
[SourceTitle "EXT 2021"]
[Source "ChessBase"]
[SourceDate "2020.10.23"]
[SourceVersion "1"]
[SourceVersionDate "2020.10.23"]
[SourceQuality "1"]

1. d4 e6 2. Nf3 c5 3. c4 cxd4 4. Nxd4 Nf6 5. Nc3 Nc6 6. e3 Bb4 7. Be2 0-0 8. 0-0 d5 9. cxd5 Nxd5 10. Nxd5 exd5 11. a3 Bc5 12. Nf3 a6 13. b4 Ba7 14. Bb2 Be6 15. Rc1 Rc8 16. Bd3 h6 17. Bb1 Ne7 18. Nd4 Rxc1 19. Qxc1 Bxd4 20. Bxd4 Qd7 21. Qb2 f6 22. Rd1 Nf5 23. Bc5 Rd8 24. e4 Nd6 25. exd5 Bf5 26. Ba2 Kh8 27. h3 Be4 28. Qd4 Bh7 29. Qf4 Ne4 30. Bd4 Nd6 31. Rc1 Re8 32. Bc5 Ne4 33. d6 f5 34. Bd5 Bg8 35. Bxg8 Kxg8 36. f3 Nxc5 37. bxc5 Qc6 38. Qxf5 Rc8 39. Rd1 Rd8 40. d7 Kh8 41. Rd6 Qc7 42. Qd5 Qa5 43. Qe5 Qxa3 44. Rxh6+ Kg8 45. Qe6+ Kf8 46. Rh8# 1-0

[Event "Barbera del Valles op 42nd"]
[Site "Barbera del Valles"]
[Date "2019.07.12"]
[Round "9"]
[White "Ojeda Lago, Ariadna"]
[Black "Subramanian, Aditya"]
[Result "1/2-1/2"]
[WhiteElo "2067"]
[BlackElo "2198"]
[PlyCount "50"]
[EventDate "2019.07.04"]
[EventType "swiss"]
[EventRounds "9"]
[EventCountry "ESP"]
[SourceTitle "EXT 2020"]
[Source "ChessBase"]
[SourceDate "2019.10.17"]
[SourceVersion "1"]
[SourceVersionDate "2019.10.17"]
[SourceQuality "1"]

1. e4 e5 2. Bc4 Nf6 3. d3 Nc6 4. Nf3 Bc5 5. c3 0-0 6. Bb3 a6 7. Nbd2 d5 8. Qe2 Re8 9. Nf1 Be6 10. Ng3 Qd7 11. h3 Rad8 12. Bc2 h6 13. Nh4 Ne7 14. Qf3 Ng6 15. Nhf5 Nf4 16. Bxf4 exf4 17. Qxf4 Bxf5 18. Nxf5 dxe4 19. d4 Be7 20. 0-0 Qe6 21. Bb3 Nd5 22. Qg4 Bf8 23. Rfe1 g6 24. Ne3 Qxg4 25. Nxg4 Re6 1/2-1/2

[Event "Barbera del Valles op 42nd"]
[Site "Barbera del Valles"]
[Date "2019.07.10"]
[Round "7"]
[White "Ojeda Lago, Ariadna"]
[Black "Meessen, Rudolf"]
[Result "0-1"]
[WhiteElo "2067"]
[BlackElo "2269"]
[PlyCount "94"]
[EventDate "2019.07.04"]
[EventType "swiss"]
[EventRounds "9"]
[EventCountry "ESP"]
[SourceTitle "CBM 191 Extra"]
[Source "ChessBase"]
[SourceDate "2019.09.30"]
[SourceVersion "1"]
[SourceVersionDate "2019.09.30"]
[SourceQuality "1"]

1. e4 g6 2. d4 Bg7 3. Nc3 d6 4. f4 a6 5. a4 Nf6 6. Nf3 c5 7. d5 0-0 8. Bc4 Bg4 9. h3 Bxf3 10. Qxf3 Nbd7 11. 0-0 Ne8 12. Re1 Qa5 13. Bd2 Qb4 14. Qd3 Qb6 15. a5 Qa7 16. Kh1 Nc7 17. e5 dxe5 18. d6 exd6 19. Qxd6 b5 20. axb6 Nxb6 21. Qxc5 Nxc4 22. Qxc4 exf4 23. Re7 f3 24. Be3 fxg2+ 25. Kg1 Qb7 26. Rxc7 Qf3 27. Bc5 Qxh3 28. Bxf8 Rxf8 29. Kf2 Be5 30. Rc5 Qh2 31. Kf3 Qg3+ 32. Ke2 g1Q 33. Rxg1 Qxg1 34. Rc8 Qg2+ 35. Kd1 Qf3+ 36. Ne2 Rxc8 37. Qxc8+ Kg7 38. b3 Qd5+ 39. Kc1 a5 40. Qe8 h5 41. Qa4 g5 42. Qe8 Qe4 43. Kd1 h4 44. Qd8 Qh1+ 45. Kd2 Qg2 46. Qxa5 Bf4+ 47. Kd1 Qh1+ 0-1

[Event "Barbera del Valles op 42nd"]
[Site "Barbera del Valles"]
[Date "2019.07.09"]
[Round "6"]
[White "Ojeda Lago, Ariadna"]
[Black "Laddha, Shubh Jayesh"]
[Result "1-0"]
[WhiteElo "2067"]
[BlackElo "1544"]
[PlyCount "65"]
[EventDate "2019.07.04"]
[EventType "swiss"]
[EventRounds "9"]
[EventCountry "ESP"]
[SourceTitle "CBM 191 Extra"]
[Source "ChessBase"]
[SourceDate "2019.09.30"]
[SourceVersion "1"]
[SourceVersionDate "2019.09.30"]
[SourceQuality "1"]

1. e4 e5 2. Bc4 Nf6 3. d3 c6 4. Bb3 d5 5. Nf3 Bd6 6. Nbd2 0-0 7. c3 Nbd7 8. Bc2 Re8 9. Nf1 Nf8 10. Ng3 b6 11. 0-0 Ng6 12. h3 h6 13. Nh2 Ba6 14. Re1 Bf8 15. Be3 Qc7 16. Nf5 Bc8 17. Ng4 Nxg4 18. hxg4 Be6 19. g5 hxg5 20. Bxg5 f6 21. Bd2 Qf7 22. Qg4 Rad8 23. Rad1 Bxf5 24. exf5 Ne7 25. Re3 g6 26. Rg3 g5 27. Bxg5 fxg5 28. Qxg5+ Bg7 29. f6 Ng6 30. Qxg6 Qxg6 31. Rxg6 Kf7 32. Rxg7+ Kxf6 33. Rg3 1-0